| 000 | 01742nam a2200361Ia 4500 | ||
|---|---|---|---|
| 001 | ebr10674367 | ||
| 003 | CaPaEBR | ||
| 006 | m u | ||
| 007 | cr cn||||||||| | ||
| 008 | 121204s2013 si a sb 100 0 eng d | ||
| 020 | _z9789814436823 | ||
| 020 | _z9789814436830 (ebook) | ||
| 020 | _z9814436828 | ||
| 040 |
_aCaPaEBR _cCaPaEBR |
||
| 035 | _a(OCoLC)830512315 | ||
| 050 | 1 | 4 |
_aQC793 _b.L66 2011eb |
| 111 | 2 |
_aLomonosov Conference on Elementary Particle Physics _n(15th : _d2011 : _cMoscow, Russia) |
|
| 245 | 1 | 0 |
_aParticle physics at the tercentenary of Mikhail Lomonosov _h[electronic resource] : _bproceedings of the Fifteenth Lomonosov Conference on Elementary Particle Physics, Moscow, Russia, 18-24 August 2011 / _ceditor, Alexander I. Studenikin. |
| 246 | 3 | _aProceedings of the Fifteenth Lomonosov Conference on Elementary Particle Physics | |
| 260 |
_aSingapore ; _aHackensack, NJ : _bWorld Scientific, _cc2013. |
||
| 300 |
_axx, 460 p. : _bill. |
||
| 500 | _a"Faculty of Physics of Moscow State University, Interregional Centre for Advanced Studies." | ||
| 504 | _aIncludes bibliographical references. | ||
| 533 |
_aElectronic reproduction. _bPalo Alto, Calif. : _cebrary, _d2013. _nAvailable via World Wide Web. _nAccess may be limited to ebrary affiliated libraries. |
||
| 650 | 0 |
_aNuclear astrophysics _vCongresses. |
|
| 650 | 0 |
_aParticle acceleration _vCongresses. |
|
| 650 | 0 |
_aParticles (Nuclear physics) _vCongresses. |
|
| 650 | 0 |
_aQuantum field theory _vCongresses. |
|
| 655 | 7 |
_aElectronic books. _2local |
|
| 700 | 1 | _aStudenikin, A. I. | |
| 710 | 2 | _aebrary, Inc. | |
| 856 | 4 | 0 |
_uhttp://site.ebrary.com/lib/rucke/Doc?id=10674367 _zAn electronic book accessible through the World Wide Web; click to view |
| 999 |
_c161854 _d161854 |
||